000 00450nam a2200181Ia 4500
001 11262
005 20260306161933.0
008 260306t1977||||xx |||||||||||||| ||spa||
041 _aESP
082 _a985.02
_bE88 1977
100 _aEspinoza Soriano, Waldemar
_eAUT
245 0 _aLa destrucción del imperio de los incas
260 _c1977
300 _a290 páginas :
_c17 cm.
650 _aGEN
654 _aCHU
942 _cLIB
_dJUS
_fJUS
_2ddc
_n
999 _c11262
_d11262